000 00982nam a2200253 i 4500
001 8511
003 ES-MaACL
005 20240219212613.0
007 t|
008 920709s1991 sp ||||1| spa d
020 _a84-7658-294-3
080 _a86(Cervantes Saavedra,M.de 7 Q.06)
100 1 _aGarcía Bacca, Juan David.
_954205
245 1 0 _aSobre el Quijote y Don Quijote de la Mancha
_b: ejercicios literario-filosóficos /
_cJuan David García Bacca.
250 _a[1ª ed.].
260 _aBarcelona :
_bAnthropos ;
_aPamplona :
_bGobierno de Navarra,
_c1991.
300 _a527 p. :
_bil. ;
_c20 cm.
490 1 _aPensamiento crítico/pensamiento utópico ;
_v59
600 1 4 _aCervantes Saavedra, Miguel de,
_d1547-1616.
_tDon Quijote de la Mancha-
_xCrítica e interpretación
_937618
830 0 _aPensamiento crítico/pensamiento utópico ;
_v59
_9177290
852 _aES-MaACL
_jL-15973
_bR.120661
852 _aES-MaACL
_jL-15974
_bR.119684
999 _c8511
_d8511